00917nam a2200229 a 450000100100000000500170001000800410002702000150006804000250008308200150010810000450012324501180016826000390028630000210032549000360034650000430038250000330042570000500045883000430050895201190055199900170067000003670920200930075904.0120125s1982 sp 000 0 spa d a8424908546 aDO-SdBNPbspacBNPHU axxxbP568v1 aPhilostratus, Flavius,d175?-249?96300710aVidas de los sofistas /cFilóstrato ; introducción, traducción y notas de María Concepción Giner Soria. aMadrid :bEditorial Gredos,c1982. a262 p. ;c19 cm.1 aBiblioteca clásica Gredosv55 aIncluye notas al pie de las páginas. aincluye índice de nombres.1 aGiner Soria, María Concepciónetr.963008 0aBiblioteca clásica Gredos;v5598642 001054708MOaGRbGRcCTd2012-01-25iLF1l0oxxx P568vp36709-10r2020-06-25w2020-06-25y4ZPréstamo en sala c36200d36200